000 00301nam a2200109Ia 4500
008 220204s9999 xx 000 0 und d
082 _a628.44
_bMAN
100 _aMantell, C L
245 0 _aSolid wastes: Origin, collection, processing and disposal
260 _aNew York
_bJohn Wiley
_c1975
942 _cBK
999 _c24574
_d24574